000 00566nam a2200205Ia 4500
005 20250508165541.0
008 008 250505s9999 xx 000 0 hin d
020 _a978-93-5072-741-6
037 _aTextual
040 _aFEDL
_beng
_cFEDL
041 _ahin
_2hin
084 _a891.431, RAI
_qFEDL
100 _aRay Rameshwar
_9404091
245 0 _aKavita ka parisar: Ek antaryatra
260 _aNew Delhi, India
_bVani Prakashan
_c2014
300 _a125p.
365 _aINR
_b3495
942 _cTEXL
_h891.431, RAI
999 _c1395815
_d1395815